[Event "DEM U14 2023"]
[Site "Willingen GER"]
[Date "2023.05.31"]
[Round "6"]
[White "Lu, Yunong Elias"]
[Black "Weber, Nikita"]
[Result "0-1"]
[Termination "normal"]
[Board "15"]
[WhiteElo "1823"]
[BlackElo "1531"]
[WhiteClock "00:42:20"]
[BlackClock "00:15:03"]
[PlyCount "90"]
[WhiteFideId "16276426"]
[BlackFideId "34608770"]
[EventCountry "GER"]
[EventRounds "9"]
[EventType "swiss"]
[EventDate "2023.05.27"]

1. e4 {[%clk 01:30:39]} {[%emt 00:00:20]} c6 {[%clk 01:30:59]} {[%emt
00:00:01]} 2. Nc3 {[%clk 01:30:31]} {[%emt 00:00:38]} d5 {[%clk 01:31:26]}
{[%emt 00:00:04]} 3. Nf3 {[%clk 01:30:48]} {[%emt 00:00:13]} dxe4 {[%clk
01:31:48]} {[%emt 00:00:08]} 4. Nxe4 {[%clk 01:31:11]} {[%emt 00:00:06]} Nf6
{[%clk 01:32:13]} {[%emt 00:00:05]} 5. Qe2 {[%clk 01:31:32]} {[%emt 00:00:08]}
Nxe4 {[%clk 01:32:38]} {[%emt 00:00:06]} 6. Qxe4 {[%clk 01:32:00]} {[%emt
00:00:03]} Qd5 {[%clk 01:32:53]} {[%emt 00:00:14]} 7. Qh4 {[%clk 01:32:24]}
{[%emt 00:00:06]} Bf5 {[%clk 01:17:26]} {[%emt 00:15:57]} 8. Bc4 {[%clk
01:32:43]} {[%emt 00:00:11]} Qa5 {[%clk 01:13:54]} {[%emt 00:04:02]} 9. c3
{[%clk 01:30:40]} {[%emt 00:02:32]} e6 {[%clk 01:12:53]} {[%emt 00:01:32]} 10.
d4 {[%clk 01:28:45]} {[%emt 00:02:25]} Nd7 {[%clk 01:03:34]} {[%emt 00:09:48]}
11. Bf4 {[%clk 01:19:41]} {[%emt 00:09:33]} Nf6 {[%clk 00:56:53]} {[%emt
00:07:12]} 12. Bg3 {[%clk 01:10:56]} {[%emt 00:09:15]} Ne4 {[%clk 00:54:54]}
{[%emt 00:02:33]} 13. O-O {[%clk 01:09:23]} {[%emt 00:01:59]} g5 {[%clk
00:51:00]} {[%emt 00:04:24]} 14. Nxg5 {[%clk 01:03:20]} {[%emt 00:06:33]} Be7
{[%clk 00:48:51]} {[%emt 00:02:39]} 15. f4 {[%clk 01:02:41]} {[%emt 00:01:09]}
Nd2 {[%clk 00:45:02]} {[%emt 00:04:19]} 16. Bb3 {[%clk 00:50:52]} {[%emt
00:12:19]} Nxf1 {[%clk 00:44:58]} {[%emt 00:00:34]} 17. Rxf1 {[%clk 00:51:03]}
{[%emt 00:00:19]} h6 {[%clk 00:38:21]} {[%emt 00:07:07]} 18. Qh5 {[%clk
00:50:11]} {[%emt 00:01:21]} Bg6 {[%clk 00:35:33]} {[%emt 00:03:19]} 19. Qh3
{[%clk 00:50:05]} {[%emt 00:00:36]} Qf5 {[%clk 00:25:29]} {[%emt 00:10:35]} 20.
Re1 {[%clk 00:50:05]} {[%emt 00:00:30]} Bxg5 {[%clk 00:23:32]} {[%emt
00:02:27]} 21. fxg5 {[%clk 00:49:21]} {[%emt 00:01:14]} Qxh3 {[%clk 00:23:49]}
{[%emt 00:00:13]} 22. gxh3 {[%clk 00:49:49]} hxg5 {[%clk 00:23:59]} {[%emt
00:00:21]} 23. Re5 {[%clk 00:49:46]} {[%emt 00:00:33]} Bf5 {[%clk 00:23:44]}
{[%emt 00:00:45]} 24. d5 {[%clk 00:50:09]} {[%emt 00:00:07]} cxd5 {[%clk
00:21:58]} {[%emt 00:02:16]} 25. Bxd5 {[%clk 00:50:25]} {[%emt 00:00:14]} Rd8
{[%clk 00:14:41]} {[%emt 00:07:48]} 26. Bxb7 {[%clk 00:50:30]} {[%emt
00:00:24]} Rd2 {[%clk 00:13:55]} {[%emt 00:01:16]} 27. Bc6+ {[%clk 00:50:08]}
{[%emt 00:00:52]} Ke7 {[%clk 00:14:14]} {[%emt 00:00:11]} 28. Rb5 {[%clk
00:49:52]} {[%emt 00:00:27]} Rhd8 {[%clk 00:13:44]} {[%emt 00:01:19]} 29. Rb7+
{[%clk 00:46:58]} {[%emt 00:03:23]} Kf6 {[%clk 00:14:06]} {[%emt 00:00:10]} 30.
Rb4 {[%clk 00:42:37]} {[%emt 00:04:50]} Re2 {[%clk 00:13:38]} {[%emt 00:00:58]}
31. Rd4 {[%clk 00:42:37]} {[%emt 00:00:30]} Rxd4 {[%clk 00:13:44]} {[%emt
00:00:24]} 32. cxd4 {[%clk 00:43:00]} {[%emt 00:00:06]} Rxb2 {[%clk 00:13:48]}
{[%emt 00:00:27]} 33. a4 {[%clk 00:43:01]} {[%emt 00:00:28]} Bxh3 {[%emt
00:00:42]} 34. Bc7 {[%clk 00:42:38]} {[%emt 00:00:32]} Rc2 {[%clk 00:13:59]}
{[%emt 00:00:29]} 35. Be5+ {[%clk 00:42:43]} {[%emt 00:00:24]} Kf5 {[%clk
00:14:25]} {[%emt 00:00:05]} 36. Bb5 {[%clk 00:43:11]} {[%emt 00:00:02]} Rg2+
{[%clk 00:14:26]} {[%emt 00:00:29]} 37. Kh1 {[%clk 00:43:28]} {[%emt 00:00:13]}
Rd2 {[%clk 00:14:38]} {[%emt 00:00:17]} 38. Kg1 {[%clk 00:43:41]} {[%emt
00:00:17]} f6 {[%clk 00:14:22]} {[%emt 00:00:47]} 39. Bb8 {[%clk 00:44:05]}
{[%emt 00:00:06]} Rxd4 {[%clk 00:14:07]} {[%emt 00:00:45]} 40. Bxa7 {[%clk
00:44:31]} {[%emt 00:00:05]} Rg4+ {[%clk 00:14:14]} {[%emt 00:00:22]} 41. Kh1
{[%clk 00:44:21]} {[%emt 00:00:40]} Bg2+ {[%clk 00:14:31]} {[%emt 00:00:13]}
42. Kg1 {[%clk 00:44:49]} {[%emt 00:00:02]} Bc6+ {[%clk 00:14:53]} {[%emt
00:00:08]} 43. Kf2 {[%clk 00:45:15]} {[%emt 00:00:04]} Bxb5 {[%clk 00:14:45]}
{[%emt 00:00:38]} 44. axb5 {[%clk 00:43:02]} {[%emt 00:02:43]} Rb4 {[%clk
00:14:56]} {[%emt 00:00:20]} 45. b6 {[%clk 00:42:20]} {[%emt 00:01:11]} e5
{[%clk 00:15:03]} {[%emt 00:00:23]} 0-1

[Event "DEM U14 2023"]
[Site "Willingen GER"]
[Date "2023.05.31"]
[Round "6"]
[White "Nönnig, Jakob"]
[Black "Stichter, Constantin Paul"]
[Result "0-1"]
[Termination "normal"]
[Board "16"]
[WhiteElo "1736"]
[BlackElo "1959"]
[WhiteClock "00:10:05"]
[BlackClock "01:22:04"]
[PlyCount "106"]
[WhiteFideId "16289447"]
[BlackFideId "34603140"]
[EventCountry "GER"]
[EventRounds "9"]
[EventType "swiss"]
[EventDate "2023.05.27"]

1. e4 {[%clk 01:30:58]} {[%emt 00:00:01]} e6 {[%clk 01:30:59]} {[%emt
00:00:02]} 2. d4 {[%clk 01:31:26]} {[%emt 00:00:02]} d5 {[%clk 01:31:28]}
{[%emt 00:00:01]} 3. Nd2 {[%clk 01:31:54]} {[%emt 00:00:02]} Nf6 {[%clk
01:31:57]} {[%emt 00:00:01]} 4. e5 {[%clk 01:32:11]} {[%emt 00:00:13]} Nfd7
{[%clk 01:32:25]} 5. Bd3 {[%clk 01:32:31]} {[%emt 00:00:11]} c5 {[%clk
01:32:54]} {[%emt 00:00:01]} 6. c3 {[%clk 01:33:00]} Nc6 {[%clk 01:33:24]} 7.
Ne2 {[%clk 01:33:13]} {[%emt 00:00:16]} cxd4 {[%clk 01:33:53]} {[%emt
00:00:01]} 8. cxd4 {[%clk 01:33:39]} {[%emt 00:00:04]} f6 {[%clk 01:34:22]} 9.
exf6 {[%clk 01:33:31]} {[%emt 00:00:37]} Nxf6 {[%clk 01:34:51]} {[%emt
00:00:02]} 10. O-O {[%clk 01:32:17]} {[%emt 00:01:43]} Bd6 {[%clk 01:35:21]}
{[%emt 00:00:01]} 11. Nf3 {[%clk 01:31:54]} {[%emt 00:00:53]} O-O {[%clk
01:35:39]} {[%emt 00:00:12]} 12. Bf4 {[%clk 01:20:14]} {[%emt 00:12:10]} Bxf4
{[%clk 01:33:28]} {[%emt 00:02:41]} 13. Nxf4 {[%clk 01:20:42]} {[%emt
00:00:02]} Ne4 {[%clk 01:33:57]} 14. Ne2 {[%clk 01:18:20]} {[%emt 00:02:52]}
Rxf3 {[%clk 01:33:50]} {[%emt 00:00:37]} 15. gxf3 {[%clk 01:05:45]} {[%emt
00:13:05]} Ng5 {[%clk 01:31:59]} {[%emt 00:02:22]} 16. f4 {[%clk 00:50:27]}
{[%emt 00:15:48]} Nh3+ {[%clk 01:31:57]} {[%emt 00:00:31]} 17. Kh1 {[%clk
00:50:11]} {[%emt 00:00:44]} Qh4 {[%clk 01:32:16]} {[%emt 00:00:13]} 18. Qe1
{[%clk 00:49:01]} {[%emt 00:01:40]} Nxf4 {[%clk 01:32:01]} {[%emt 00:00:45]}
19. Nxf4 {[%clk 00:49:04]} {[%emt 00:00:27]} Qxf4 {[%clk 01:32:29]} {[%emt
00:00:02]} 20. Qe3 {[%clk 00:49:05]} {[%emt 00:00:29]} Qxd4 {[%clk 01:32:45]}
{[%emt 00:00:15]} 21. Qxd4 {[%clk 00:48:49]} {[%emt 00:00:46]} Nxd4 {[%clk
01:33:13]} {[%emt 00:00:01]} 22. f4 {[%clk 00:49:00]} {[%emt 00:00:20]} Bd7
{[%clk 01:32:35]} {[%emt 00:01:07]} 23. Rad1 {[%clk 00:47:43]} {[%emt
00:01:47]} Nc6 {[%clk 01:28:22]} {[%emt 00:04:43]} 24. Kg2 {[%clk 00:42:40]}
{[%emt 00:05:33]} Rf8 {[%clk 01:28:05]} {[%emt 00:00:47]} 25. Kg3 {[%clk
00:41:15]} {[%emt 00:01:55]} Ne7 {[%clk 01:26:40]} {[%emt 00:01:56]} 26. Rfe1
{[%clk 00:37:15]} {[%emt 00:04:26]} Rf6 {[%clk 01:22:41]} {[%emt 00:04:36]} 27.
Re5 {[%clk 00:30:25]} {[%emt 00:07:16]} Nc6 {[%clk 01:22:40]} {[%emt 00:00:32]}
28. Re2 {[%clk 00:29:53]} {[%emt 00:01:01]} Kf7 {[%clk 01:22:34]} {[%emt
00:00:37]} 29. Rc2 {[%clk 00:23:22]} {[%emt 00:07:00]} h5 {[%clk 01:13:11]}
{[%emt 00:09:52]} 30. h4 {[%clk 00:15:44]} {[%emt 00:08:09]} Ke7 {[%clk
01:13:07]} {[%emt 00:00:35]} 31. Rc3 {[%clk 00:08:04]} {[%emt 00:08:09]} Kd6
{[%clk 01:03:56]} {[%emt 00:09:41]} 32. Re1 {[%clk 00:06:26]} {[%emt 00:02:07]}
Be8 {[%clk 01:03:51]} {[%emt 00:00:36]} 33. Rb3 {[%clk 00:03:39]} {[%emt
00:03:16]} b6 {[%clk 01:01:56]} {[%emt 00:02:26]} 34. Rc3 {[%clk 00:02:50]}
{[%emt 00:01:19]} Bg6 {[%clk 01:01:04]} {[%emt 00:01:21]} 35. Rd1 {[%clk
00:01:11]} {[%emt 00:02:07]} Ne7 {[%clk 01:00:05]} {[%emt 00:01:32]} 36. Rf1
{[%clk 00:00:35]} {[%emt 00:01:05]} Bxd3 {[%clk 01:00:17]} {[%emt 00:00:20]}
37. Rxd3 {[%clk 00:01:03]} {[%emt 00:00:02]} Nf5+ {[%clk 01:00:34]} {[%emt
00:00:12]} 38. Kh3 {[%clk 00:00:51]} {[%emt 00:00:40]} Rg6 {[%clk 01:00:37]}
{[%emt 00:00:29]} 39. Ra3 {[%clk 00:00:42]} {[%emt 00:00:39]} Rg4 {[%clk
01:00:50]} {[%emt 00:00:17]} 40. Rff3 {[%clk 00:00:36]} {[%emt 00:00:35]} Rxh4+
{[%clk 00:58:57]} {[%emt 00:02:23]} 41. Kg2 {[%clk 00:01:04]} {[%emt 00:00:01]}
Rg4+ {[%clk 00:56:38]} {[%emt 00:02:51]} 42. Kf1 {[%clk 00:28:11]} {[%emt
00:03:22]} a5 {[%clk 01:25:37]} {[%emt 00:01:33]} 43. Rac3 {[%clk 00:26:05]}
{[%emt 00:02:28]} d4 {[%clk 01:23:59]} {[%emt 00:02:14]} 44. Rc8 {[%clk
00:25:29]} {[%emt 00:01:05]} Kd5 {[%clk 01:24:06]} {[%emt 00:00:24]} 45. Rf2
{[%clk 00:17:33]} {[%emt 00:08:26]} Ke4 {[%clk 01:23:24]} {[%emt 00:01:12]} 46.
Ke2 {[%clk 00:10:39]} {[%emt 00:07:22]} h4 {[%clk 01:22:50]} {[%emt 00:01:05]}
47. Rc6 {[%clk 00:10:19]} {[%emt 00:00:50]} Rg6 {[%clk 01:22:59]} {[%emt
00:00:21]} 48. Rxb6 {[%clk 00:09:44]} {[%emt 00:01:05]} h3 {[%clk 01:23:06]}
{[%emt 00:00:23]} 49. Rb5 {[%clk 00:09:38]} {[%emt 00:00:36]} d3+ {[%clk
01:23:04]} {[%emt 00:00:33]} 50. Kd2 {[%clk 00:09:15]} {[%emt 00:00:52]} Rg2
{[%clk 01:23:00]} {[%emt 00:00:34]} 51. Re5+ {[%clk 00:09:24]} {[%emt
00:00:21]} Kd4 {[%clk 01:22:53]} {[%emt 00:00:38]} 52. Rxg2 {[%clk 00:09:44]}
{[%emt 00:00:10]} hxg2 {[%clk 01:23:21]} {[%emt 00:00:02]} 53. Re1 {[%clk
00:10:05]} {[%emt 00:00:09]} Nh4 {[%clk 01:22:04]} {[%emt 00:01:46]} 0-1

[Event "DEM U14 2023"]
[Site "Willingen GER"]
[Date "2023.05.31"]
[Round "6"]
[White "Melestean, Maxim"]
[Black "Navarro Jahnke, Leo"]
[Result "0-1"]
[Termination "normal"]
[Board "17"]
[WhiteElo "1450"]
[BlackElo "1954"]
[WhiteClock "00:23:55"]
[BlackClock "00:29:46"]
[PlyCount "90"]
[WhiteFideId "16280393"]
[BlackFideId "16234146"]
[EventCountry "GER"]
[EventRounds "9"]
[EventType "swiss"]
[EventDate "2023.05.27"]

1. d4 {[%clk 01:30:58]} {[%emt 00:00:02]} d5 {[%clk 01:30:56]} {[%emt
00:00:04]} 2. c4 {[%clk 01:31:24]} {[%emt 00:00:04]} dxc4 {[%clk 01:30:50]}
{[%emt 00:00:36]} 3. e3 {[%clk 01:31:41]} {[%emt 00:00:14]} e6 {[%clk
01:30:48]} {[%emt 00:00:31]} 4. Bxc4 {[%clk 01:31:56]} {[%emt 00:00:16]} Nf6
{[%clk 01:30:52]} {[%emt 00:00:25]} 5. Nf3 {[%clk 01:31:57]} {[%emt 00:00:28]}
c5 {[%clk 01:30:17]} {[%emt 00:01:06]} 6. O-O {[%clk 01:30:20]} {[%emt
00:02:08]} a6 {[%clk 01:29:45]} {[%emt 00:01:01]} 7. a4 {[%clk 01:23:31]}
{[%emt 00:07:19]} cxd4 {[%clk 01:29:11]} {[%emt 00:01:04]} 8. Qxd4 {[%clk
01:23:20]} {[%emt 00:00:42]} Qxd4 {[%clk 01:27:14]} {[%emt 00:02:27]} 9. Nxd4
{[%clk 01:23:48]} {[%emt 00:00:02]} Bc5 {[%clk 01:26:29]} {[%emt 00:01:13]} 10.
Nc3 {[%clk 01:15:33]} {[%emt 00:08:46]} Nbd7 {[%clk 01:25:03]} {[%emt
00:01:55]} 11. Rd1 {[%clk 01:11:33]} {[%emt 00:04:31]} b6 {[%clk 01:21:36]}
{[%emt 00:03:56]} 12. Rb1 {[%clk 01:11:12]} {[%emt 00:00:52]} Ne5 {[%clk
01:19:03]} {[%emt 00:03:03]} 13. Be2 {[%clk 01:10:22]} {[%emt 00:01:20]} Bb7
{[%clk 01:18:26]} {[%emt 00:01:07]} 14. b4 {[%clk 01:10:11]} {[%emt 00:00:41]}
Bxd4 {[%clk 01:18:26]} {[%emt 00:00:29]} 15. exd4 {[%clk 01:07:00]} {[%emt
00:03:42]} Ned7 {[%clk 01:17:59]} {[%emt 00:00:57]} 16. b5 {[%clk 01:07:23]}
{[%emt 00:00:08]} O-O {[%clk 01:15:33]} {[%emt 00:02:54]} 17. Ba3 {[%clk
01:04:44]} {[%emt 00:03:10]} Rfc8 {[%clk 01:15:44]} {[%emt 00:00:18]} 18. Rbc1
{[%clk 01:03:43]} {[%emt 00:01:32]} axb5 {[%clk 01:13:00]} {[%emt 00:03:13]}
19. Bxb5 {[%clk 01:04:06]} {[%emt 00:00:14]} g6 {[%clk 01:12:40]} {[%emt
00:00:43]} 20. d5 {[%clk 00:53:53]} {[%emt 00:10:44]} exd5 {[%clk 01:11:59]}
{[%emt 00:01:11]} 21. Nxd5 {[%clk 00:54:07]} {[%emt 00:00:17]} Bxd5 {[%clk
01:11:35]} {[%emt 00:00:52]} 22. Bxd7 {[%clk 00:51:03]} {[%emt 00:03:35]} Rxc1
{[%clk 01:11:52]} {[%emt 00:00:12]} 23. Bxc1 {[%clk 00:51:31]} {[%emt
00:00:02]} Nxd7 {[%clk 01:12:06]} {[%emt 00:00:16]} 24. Rxd5 {[%clk 00:51:55]}
{[%emt 00:00:06]} Nc5 {[%clk 01:12:13]} {[%emt 00:00:23]} 25. Be3 {[%clk
00:51:56]} {[%emt 00:00:30]} Nxa4 {[%clk 01:11:59]} {[%emt 00:00:43]} 26. g3
{[%clk 00:51:53]} {[%emt 00:00:34]} Kf8 {[%clk 01:10:47]} {[%emt 00:01:40]} 27.
Rb5 {[%clk 00:52:05]} {[%emt 00:00:18]} Ra6 {[%clk 01:10:31]} {[%emt 00:00:46]}
28. Kg2 {[%clk 00:51:48]} {[%emt 00:00:52]} Ke7 {[%clk 01:10:48]} {[%emt
00:00:09]} 29. Kf3 {[%clk 00:51:44]} {[%emt 00:00:36]} Kd6 {[%clk 01:11:11]}
{[%emt 00:00:06]} 30. Kf4 {[%clk 00:51:55]} {[%emt 00:00:20]} Nc3 {[%clk
01:07:30]} {[%emt 00:04:11]} 31. Rxb6+ {[%clk 00:50:20]} {[%emt 00:02:05]} Rxb6
{[%clk 01:07:58]} {[%emt 00:00:01]} 32. Bxb6 {[%clk 00:50:48]} Nd5+ {[%clk
01:08:11]} {[%emt 00:00:19]} 33. Kg5 {[%clk 00:51:15]} {[%emt 00:00:03]} h6+
{[%clk 01:08:34]} {[%emt 00:00:07]} 34. Kxh6 {[%clk 00:51:19]} {[%emt
00:00:26]} Nxb6 {[%clk 01:08:59]} {[%emt 00:00:05]} 35. h4 {[%clk 00:51:22]}
{[%emt 00:00:26]} Ke6 {[%clk 01:08:56]} {[%emt 00:00:34]} 36. g4 {[%clk
00:41:26]} {[%emt 00:10:26]} Nd5 {[%clk 00:59:37]} {[%emt 00:09:48]} 37. Kg5
{[%clk 00:34:15]} {[%emt 00:07:41]} Nf6 {[%clk 00:53:25]} {[%emt 00:06:42]} 38.
f3 {[%clk 00:32:49]} {[%emt 00:01:58]} Ke5 {[%clk 00:30:44]} {[%emt 00:23:10]}
39. h5 {[%clk 00:31:43]} {[%emt 00:01:36]} gxh5 {[%clk 00:30:57]} {[%emt
00:00:17]} 40. gxh5 {[%clk 00:32:12]} {[%emt 00:00:01]} Ng8 {[%clk 00:31:10]}
{[%emt 00:00:16]} 41. f4+ {[%clk 00:27:25]} {[%emt 00:05:18]} Ke6 {[%clk
00:31:30]} {[%emt 00:00:10]} 42. h6 {[%clk 00:24:40]} {[%emt 00:03:15]} Nf6
{[%clk 00:31:53]} {[%emt 00:00:06]} 43. Kh4 {[%clk 00:23:16]} {[%emt 00:01:54]}
Kf5 {[%clk 00:29:44]} {[%emt 00:02:39]} 44. Kg3 {[%clk 00:23:39]} {[%emt
00:00:07]} Nh5+ {[%clk 00:29:28]} {[%emt 00:00:46]} 45. Kf3 {[%clk 00:23:55]}
{[%emt 00:00:14]} Nxf4 {[%clk 00:29:46]} {[%emt 00:00:12]} 0-1

[Event "DEM U14 2023"]
[Site "Willingen GER"]
[Date "2023.05.31"]
[Round "6"]
[White "Ahryzkov, Ivan"]
[Black "Limmer, Marco"]
[Result "0-1"]
[Termination "normal"]
[Board "18"]
[WhiteElo "1494"]
[BlackElo "1774"]
[WhiteClock "00:02:07"]
[BlackClock "00:21:10"]
[PlyCount "80"]
[WhiteFideId "34123750"]
[BlackFideId "34603506"]
[EventCountry "GER"]
[EventRounds "9"]
[EventType "swiss"]
[EventDate "2023.05.27"]

1. e4 {[%clk 01:30:58]} {[%emt 00:00:01]} e6 {[%clk 01:30:57]} {[%emt
00:00:04]} 2. d4 {[%clk 01:31:22]} {[%emt 00:00:05]} d5 {[%clk 01:31:23]}
{[%emt 00:00:04]} 3. Nc3 {[%clk 01:31:29]} {[%emt 00:00:23]} Nf6 {[%clk
01:31:48]} {[%emt 00:00:06]} 4. e5 {[%clk 01:27:20]} {[%emt 00:04:38]} Nfd7
{[%clk 01:32:05]} {[%emt 00:00:13]} 5. f4 {[%clk 01:25:18]} {[%emt 00:02:33]}
c5 {[%clk 01:31:32]} {[%emt 00:01:03]} 6. Nf3 {[%clk 01:25:30]} {[%emt
00:00:17]} Nc6 {[%clk 01:31:50]} {[%emt 00:00:12]} 7. Be3 {[%clk 01:24:38]}
{[%emt 00:01:22]} Be7 {[%clk 01:32:06]} {[%emt 00:00:14]} 8. Be2 {[%clk
01:23:41]} {[%emt 00:01:27]} a6 {[%clk 01:30:52]} {[%emt 00:01:45]} 9. a4
{[%clk 01:23:01]} {[%emt 00:01:09]} b6 {[%clk 01:29:24]} {[%emt 00:01:58]} 10.
O-O {[%clk 01:21:52]} {[%emt 00:01:39]} O-O {[%clk 01:28:51]} {[%emt 00:01:03]}
11. Qe1 {[%clk 01:17:37]} {[%emt 00:04:44]} cxd4 {[%clk 01:27:02]} {[%emt
00:02:20]} 12. Nxd4 {[%clk 01:17:47]} {[%emt 00:00:20]} Nxd4 {[%clk 01:26:31]}
{[%emt 00:01:01]} 13. Bxd4 {[%clk 01:18:10]} {[%emt 00:00:06]} Bc5 {[%clk
01:25:56]} {[%emt 00:01:06]} 14. Rd1 {[%clk 01:18:02]} {[%emt 00:00:37]} f6
{[%clk 01:20:38]} {[%emt 00:05:49]} 15. Bg4 {[%clk 01:13:14]} {[%emt 00:05:18]}
Qe7 {[%clk 01:19:46]} {[%emt 00:01:23]} 16. Qg3 {[%clk 01:03:19]} {[%emt
00:10:23]} Bb7 {[%clk 01:09:31]} {[%emt 00:10:47]} 17. Ne2 {[%clk 00:57:37]}
{[%emt 00:06:10]} Bc6 {[%clk 01:05:06]} {[%emt 00:04:56]} 18. b3 {[%clk
00:53:12]} {[%emt 00:04:54]} Rac8 {[%clk 01:02:56]} {[%emt 00:02:41]} 19. c3
{[%clk 00:46:58]} {[%emt 00:06:45]} Rc7 {[%clk 00:57:17]} {[%emt 00:06:08]} 20.
b4 {[%clk 00:38:42]} {[%emt 00:08:47]} Bxd4+ {[%clk 00:56:55]} {[%emt
00:00:52]} 21. Nxd4 {[%clk 00:39:01]} {[%emt 00:00:10]} f5 {[%clk 00:57:12]}
{[%emt 00:00:13]} 22. Be2 {[%clk 00:39:01]} {[%emt 00:00:29]} Bxa4 {[%clk
00:57:17]} {[%emt 00:00:26]} 23. Ra1 {[%clk 00:39:17]} {[%emt 00:00:14]} b5
{[%clk 00:57:10]} {[%emt 00:00:38]} 24. Rf3 {[%clk 00:26:43]} {[%emt 00:13:04]}
Rfc8 {[%clk 00:53:33]} {[%emt 00:04:07]} 25. Rd3 {[%clk 00:24:21]} {[%emt
00:02:52]} Nb6 {[%clk 00:50:25]} {[%emt 00:03:38]} 26. Qh3 {[%clk 00:21:38]}
{[%emt 00:03:12]} g6 {[%clk 00:43:20]} {[%emt 00:07:36]} 27. g4 {[%clk
00:20:59]} {[%emt 00:01:07]} Kh8 {[%clk 00:40:58]} {[%emt 00:02:54]} 28. Kf2
{[%clk 00:17:18]} {[%emt 00:04:10]} Rg8 {[%clk 00:35:08]} {[%emt 00:06:19]} 29.
Rg1 {[%clk 00:15:40]} {[%emt 00:02:10]} Rcc8 {[%clk 00:33:08]} {[%emt
00:02:30]} 30. Rdg3 {[%clk 00:14:02]} {[%emt 00:02:08]} Nd7 {[%clk 00:30:59]}
{[%emt 00:02:39]} 31. gxf5 {[%clk 00:09:56]} {[%emt 00:04:35]} gxf5 {[%clk
00:30:40]} {[%emt 00:00:50]} 32. Rg6 {[%clk 00:07:33]} {[%emt 00:02:52]} Rxg6
{[%clk 00:30:14]} {[%emt 00:00:58]} 33. Rxg6 {[%clk 00:07:40]} {[%emt
00:00:22]} Nf8 {[%clk 00:26:56]} {[%emt 00:03:48]} 34. Rf6 {[%clk 00:07:41]}
{[%emt 00:00:26]} a5 {[%clk 00:23:38]} {[%emt 00:03:51]} 35. Bh5 {[%clk
00:03:33]} {[%emt 00:04:37]} axb4 {[%clk 00:19:29]} {[%emt 00:04:40]} 36. Rf7
{[%clk 00:03:35]} {[%emt 00:00:28]} Rxc3 {[%clk 00:19:53]} {[%emt 00:00:06]}
37. Qg2 {[%clk 00:03:01]} {[%emt 00:01:04]} Qh4+ {[%clk 00:20:13]} {[%emt
00:00:10]} 38. Kf1 {[%clk 00:02:20]} {[%emt 00:01:10]} Rc1+ {[%clk 00:20:35]}
{[%emt 00:00:09]} 39. Ke2 {[%clk 00:01:55]} {[%emt 00:00:55]} Qe1+ {[%clk
00:20:45]} {[%emt 00:00:20]} 40. Kd3 {[%clk 00:02:07]} {[%emt 00:00:18]} Rc3#
{[%clk 00:21:10]} {[%emt 00:00:05]} 0-1